00382nam a2200133 a 450000500170000000800410001702000140005805000250007224500410009726000640013830000210020252100080022365000170023120140311163005.0040619s19uu xx 00 eng d a971513176 aKPM 1079b.T374 2002 aThe Philippine nursing act of 2002/. aManila, Philippines :bEducational Publishing House,c2002. a55 p. :c23 cm.  aNUR aNursing law.